[Event "Cappelle op 28th"]
[Site "Cappelle la Grande"]
[Date "2012.03.07"]
[Round "6"]
[White "Goncalves, Laurent"]
[Black "Apicella, Manuel"]
[Result "0-1"]
[WhiteElo "2085"]
[BlackElo "2541"]
[PlyCount "128"]
[EventDate "2012.03.03"]
[EventType "swiss"]
[EventRounds "9"]
[EventCountry "FRA"]
[SourceTitle "CBM 147 Extra"]
[Source "ChessBase"]
[SourceDate "2012.04.24"]
[SourceVersion "1"]
[SourceVersionDate "2012.04.24"]
[SourceQuality "1"]

1. c4 Nf6 2. Nc3 g6 3. g3 Bg7 4. Bg2 d6 5. Nf3 e5 6. d3 0-0 7. 0-0 Nc6 8. Rb1 a5 9. Bg5 h6 10. Bxf6 Bxf6 11. a3 Bg7 12. b4 axb4 13. axb4 Be6 14. b5 Ne7 15. Qb3 d5 16. Nd2 dxc4 17. Nxc4 Qc8 18. Rfc1 Rb8 19. Qa3 Qd7 20. b6 c6 21. Ne4 Bxc4 22. Rxc4 Nd5 23. Nc5 Qe7 24. Ra4 Rfd8 25. Ne4 Qxa3 26. Rxa3 Bf8 27. Rab3 Ra8 28. Nc3 Ne7 29. Ne4 Nd5 30. Nc3 Nxc3 31. Rxc3 Ra2 32. Bf3 Kg7 33. h4 f5 34. h5 g5 35. g4 f4 36. Kf1 Rda8 37. Be4 Ra1 38. Rcb3 Rxb1+ 39. Rxb1 Bc5 40. Kg2 Kf6 41. Bf5 Ke7 42. Rc1 Bd4 43. Kf3 Kd8 44. Rb1 Ra6 45. e3 fxe3 46. fxe3 Bxb6 47. Ke4 Kc7 48. Kxe5 Bxe3 49. Kf6 b5 50. Kg7 Rb6 51. Kxh6 b4 52. Rb3 c5+ 53. Kg7 Bd4+ 54. Kf7 Kd6 55. h6 Ke5 56. h7 Kf4 57. Be6 Rb7+ 58. Kg6 Rg7+ 59. Kh6 Re7 60. Bc8 Re1 61. Kg6 Ke3 62. Ba6 Kd2 63. Kf7 Kc2 64. Bc4 Rg1 0-1

[Event "Cappelle op 28th"]
[Site "Cappelle la Grande"]
[Date "2012.03.05"]
[Round "4"]
[White "Sveshnikov, Evgeny"]
[Black "Goncalves, Laurent"]
[Result "1-0"]
[WhiteElo "2499"]
[BlackElo "2085"]
[PlyCount "93"]
[EventDate "2012.03.03"]
[EventType "swiss"]
[EventRounds "9"]
[EventCountry "FRA"]
[SourceTitle "CBM 147 Extra"]
[Source "ChessBase"]
[SourceDate "2012.04.24"]
[SourceVersion "1"]
[SourceVersionDate "2012.04.24"]
[SourceQuality "1"]

1. e4 c5 2. c3 Nf6 3. e5 Nd5 4. d4 cxd4 5. cxd4 e6 6. Nc3 Nxc3 7. bxc3 Qc7 8. Bd2 b6 9. Nf3 Be7 10. Rc1 0-0 11. Bd3 Bb7 12. 0-0 d6 13. exd6 Qxd6 14. Ne5 Nd7 15. f4 g6 16. Be3 Rfd8 17. Qe2 Bf6 18. Rfd1 Rac8 19. c4 Qe7 20. Bf2 Bh4 21. g3 Bf6 22. Be4 Bxe4 23. Qxe4 Nxe5 24. fxe5 Bg5 25. Rc2 Qb4 26. Qd3 Qa4 27. Qb3 Qc6 28. Re1 h5 29. Ree2 Qd7 30. Qd3 Kg7 31. Qf3 Qa4 32. Qb3 Qc6 33. h4 Be7 34. d5 exd5 35. cxd5 Qd7 36. d6 Rxc2 37. Rxc2 Bxd6 38. Rd2 Qc6 39. exd6 Rxd6 40. Bd4+ Kg8 41. Qe3 Kf8 42. Kh2 Re6 43. Qh6+ Ke7 44. Qg5+ Kf8 45. Bb2 Qf3 46. Qd8+ Re8 47. Bg7+ 1-0

[Event "FRA-chT2 0304"]
[Site "France"]
[Date "2004.02.01"]
[Round "7"]
[White "Hell, Pascal"]
[Black "Goncalves, Laurent"]
[Result "1/2-1/2"]
[WhiteElo "2144"]
[BlackElo "2115"]
[PlyCount "137"]
[EventDate "2003.10.??"]
[EventType "team"]
[EventRounds "11"]
[EventCountry "FRA"]
[SourceTitle "EXT 2005"]
[Source "ChessBase"]
[SourceDate "2004.11.15"]
[SourceVersion "1"]
[SourceVersionDate "2004.11.15"]
[SourceQuality "1"]

1. e4 c5 2. Nf3 d6 3. d4 cxd4 4. Nxd4 Nf6 5. Bd3 Nc6 6. Nb3 g6 7. 0-0 Bg7 8. c4 0-0 9. Nc3 Ne5 10. f4 Nxd3 11. Qxd3 a5 12. h3 Nd7 13. Be3 a4 14. Nd4 Nc5 15. Qe2 Ne6 16. Ndb5 Bd7 17. Rad1 Bxb5 18. Nxb5 Qc8 19. Nc3 Qc6 20. Nd5 Rfe8 21. f5 Nc7 22. fxg6 fxg6 23. Kh1 Nxd5 24. exd5 Qd7 25. Bd4 Rf8 26. Bxg7 Kxg7 27. Qd3 Rxf1+ 28. Rxf1 Rf8 29. Qd4+ Kg8 30. Rxf8+ Kxf8 31. Qh8+ Kf7 32. Qxh7+ Kf6 33. Qh8+ Kf7 34. Qc3 Kg8 35. g4 e5 36. Kg2 Qe7 37. Kf2 Kh7 38. Qe3 e4 39. Qf4 Qh4+ 40. Kg2 Qe1 41. Qf2 Qb1 42. g5 Kg8 43. Qf6 Qc2+ 44. Kg3 Qd3+ 45. Kh4 e3 46. Qe6+ Kg7 47. Qd7+ Kg8 48. Qc8+ Kf7 49. Qxb7+ Ke8 50. Qc8+ Kf7 51. Qe6+ Kg7 52. Kg3 Qd2 53. Qf6+ Kh7 54. Qf7+ Kh8 55. Qf8+ Kh7 56. Qh6+ Kg8 57. Qxg6+ Kf8 58. Qxd6+ Ke8 59. Qe6+ Kf8 60. Qf6+ Ke8 61. Qe6+ Kf8 62. Qh6+ Ke8 63. Qc6+ Kf8 64. Qc8+ Kf7 65. Qf5+ Ke7 66. Qf6+ Ke8 67. d6 Qe1+ 68. Kg4 Qe2+ 69. Qf3 1/2-1/2

[Event "FRA-chT Gp-B"]
[Site "France"]
[Date "2003.01.31"]
[Round "1.9"]
[White "Nicoara, Malina"]
[Black "Goncalves, Laurent"]
[Result "1/2-1/2"]
[WhiteElo "2268"]
[BlackElo "2118"]
[PlyCount "102"]
[EventDate "2003.01.31"]
[EventType "team"]
[EventRounds "7"]
[EventCountry "FRA"]
[SourceTitle "CBM 094"]
[Source "ChessBase"]
[SourceDate "2003.05.26"]
[SourceVersion "1"]
[SourceVersionDate "2003.05.26"]
[SourceQuality "1"]
[WhiteTeam "Nice"]
[BlackTeam "Besancon"]
[WhiteTeamCountry "FRA"]
[BlackTeamCountry "FRA"]

1. d4 Nf6 2. c4 g6 3. Nc3 d5 4. Nf3 Bg7 5. Bg5 Ne4 6. cxd5 Nxg5 7. Nxg5 e6 8. Qd2 h6 9. Nh3 exd5 10. Qe3+ Kf8 11. Nf4 c6 12. Qf3 Kg8 13. e3 Nd7 14. Bd3 Nf6 15. h3 Qe7 16. 0-0 Bd7 17. a3 Kh7 18. b4 a6 19. Na4 Rad8 20. Nc5 Bc8 21. Rfb1 Rhe8 22. a4 Ne4 23. Bxe4 dxe4 24. Qe2 Qd6 25. Qc4 Re7 26. Rd1 Bf6 27. Rab1 Kg7 28. Qc2 Rde8 29. a5 Bg5 30. Ne2 f5 31. g3 Be6 32. Kg2 h5 33. h4 Bf6 34. Nf4 Bd5 35. Na4 Rc7 36. Qc5 Qxc5 37. bxc5 Bc4 38. Nc3 Rd7 39. Ra1 Kf7 40. Rdb1 Ree7 41. Rb4 Be6 42. Rab1 Rc7 43. Nce2 Red7 44. Rb6 Bc4 45. Nc3 Kg7 46. R1b4 Bf7 47. Kf1 Bd8 48. Ke2 Kh6 49. Kd2 Re7 50. Ra4 Rcd7 51. Rb2 Kg7 1/2-1/2

[Event "FRA-chT2"]
[Site "France"]
[Date "2002.03.24"]
[Round "11"]
[White "Birens, Eric Andre"]
[Black "Goncalves, Laurent"]
[Result "1/2-1/2"]
[WhiteElo "2096"]
[BlackElo "2098"]
[PlyCount "155"]
[EventDate "2002.??.??"]
[EventType "team"]
[EventRounds "11"]
[EventCountry "FRA"]
[SourceTitle "EXT 2003"]
[Source "ChessBase"]
[SourceDate "2002.11.25"]
[SourceVersion "1"]
[SourceVersionDate "2002.11.25"]
[SourceQuality "1"]

1. d4 Nf6 2. c4 g6 3. Nc3 d5 4. cxd5 Nxd5 5. e4 Nxc3 6. bxc3 Bg7 7. Nf3 c5 8. Rb1 0-0 9. Be2 Nc6 10. d5 Bxc3+ 11. Bd2 Bxd2+ 12. Qxd2 Nd4 13. Nxd4 cxd4 14. Qxd4 Qa5+ 15. Qd2 Qxd2+ 16. Kxd2 e6 17. Rhc1 exd5 18. exd5 Rd8 19. Bf3 Be6 20. Rxb7 Bxd5 21. Bxd5 Rxd5+ 22. Ke3 Re8+ 23. Kf4 Rf5+ 24. Kg3 Re2 25. Rxa7 Rfxf2 26. Rg1 Rxa2 27. Rxa2 Rxa2 28. Rb1 g5 29. Rb5 f6 30. Rb7 h5 31. h3 Rc2 32. Ra7 Rd2 33. Rb7 Ra2 34. Rc7 Kf8 35. Rb7 Re2 36. Kf3 Re7 37. Rb8+ Re8 38. Rb7 Re7 39. Rb8+ Kg7 40. Rb6 Ra7 41. Kg3 h4+ 42. Kf2 Ra2+ 43. Kg1 Rc2 44. Kf1 Rd2 45. Ra6 Rb2 46. Rc6 Ra2 47. Rb6 Kg6 48. Rc6 Kf5 49. Rb6 Rd2 50. Ra6 Ke5 51. Ra5+ Ke4 52. Kg1 f5 53. Ra4+ Rd4 54. Ra3 Rd2 55. Kh2 Rd3 56. Ra2 Ke3 57. Ra5 Kf4 58. Ra4+ Ke3 59. Ra5 Ke4 60. Ra4+ Rd4 61. Ra1 f4 62. Re1+ Kf5 63. Re2 Re4 64. Ra2 Re5 65. Rb2 Ke4 66. Re2+ Kd4 67. Ra2 Kd3 68. Kg1 Re3 69. Kf2 Rg3 70. Ra3+ Ke4 71. Ra4+ Kd5 72. Ra5+ Kc4 73. Ra4+ Kb3 74. Ra5 Kb4 75. Rd5 Kc4 76. Ra5 Kb4 77. Rd5 Kc4 78. Ra5 1/2-1/2

[Event "FRA-chT2"]
[Site "France"]
[Date "2001.11.18"]
[Round "3"]
[White "Lebel Arias, Julia"]
[Black "Goncalves, Laurent"]
[Result "0-1"]
[WhiteElo "2066"]
[BlackElo "2098"]
[PlyCount "162"]
[EventDate "2002.??.??"]
[EventType "team"]
[EventRounds "11"]
[EventCountry "FRA"]
[SourceTitle "EXT 2003"]
[Source "ChessBase"]
[SourceDate "2002.11.25"]
[SourceVersion "1"]
[SourceVersionDate "2002.11.25"]
[SourceQuality "1"]

1. d4 Nf6 2. Bg5 Ne4 3. h4 h6 4. Bf4 d5 5. Nd2 Nf6 6. e3 e6 7. Ngf3 Be7 8. Bd3 Nbd7 9. Ne5 c5 10. c3 0-0 11. g4 Nxe5 12. dxe5 Ne4 13. Bxe4 dxe4 14. Nxe4 Qxd1+ 15. Rxd1 b5 16. Rg1 Bb7 17. Nd6 Bd5 18. g5 h5 19. b3 c4 20. e4 Bc6 21. f3 cxb3 22. axb3 Bd8 23. Ke2 a5 24. Be3 Bc7 25. g6 f6 26. Bc5 fxe5 27. Nf7 Rxf7 28. gxf7+ Kxf7 29. Rd2 Bd8 30. Bf2 b4 31. c4 Bc7 32. Rgd1 Kf6 33. Bc5 a4 34. bxa4 Rxa4 35. Rb2 b3 36. Kd3 Ra5 37. Bb4 Ra8 38. Rxb3 Rd8+ 39. Ke2 Rxd1 40. Kxd1 Ba4 41. Kc2 g5 42. Be1 gxh4 43. Bxh4+ Kf7 44. c5 Ke8 45. Kc3 Bxb3 46. Kxb3 Kd7 47. Kc4 Bd8 48. Bg3 h4 49. Bh2 Kc6 50. f4 exf4 51. Bxf4 Be7 52. Kd3 Bxc5 53. Ke2 Bd6 54. Bg5 h3 55. Kf2 Be5 56. Kg1 Kc5 57. Kh1 Kd4 58. Bh6 Kxe4 59. Bf8 Kf4 60. Be7 Kg4 61. Bf8 Bf6 62. Bd6 Bg5 63. Be5 Kf5 64. Bd4 Bf6 65. Be3 e5 66. Bb6 e4 67. Kh2 Kg4 68. Kg1 Bh4 69. Kh2 Bg3+ 70. Kh1 Kf3 71. Bc5 Bf2 72. Bb4 e3 73. Kh2 Kg4 74. Kh1 e2 75. Kh2 Bg3+ 76. Kh1 Kf3 77. Bd2 Ke4 78. Ba5 Kd3 79. Kg1 Kc2 80. Kh1 Kd1 81. Bb4 Bf4 0-1